00524pab a2200169 454500008004000000100001600040245004900056260000900105300001500114362000800129650003000137650002200167773003200189909001000221999001700231952010600248180718b2003 xxu||||| |||| 00| 0 eng d aRao, B.S.R. aIndian financial system: emerging challenges c2003 ap.189-205. aJul aFinancial markets - India aFinancial markets aIndian Journal of Economics a58973 c58973d58973 00104070aIIPAbIIPAd2018-07-19hVolume no: 84, Issue no: 332pAR59418r2018-07-19w2018-07-19yAR